000 01539nam a2200385 i 4500
999 _c65289
_d65289
001 768714001
003 CO-MdFUSB
005 20210918063849.0
008 191004t2009 sp |||| |||| 00| 0 spa d
020 _a9788449322242
040 _aCO-MdFUSB
_bspa
_cCO-MdFUSB
_dCO-MdFUSBC
_erda
041 _aspa
082 _223
_a306.6
_bB393d
100 _aBeck, Ulrich,
_eautor
245 1 3 _aEl Dios personal :
_bla individualización de la religión y el "espíritu" del cosmopolitismo.
_c/ Ulrich Beck
250 _aPrimera edición
264 1 _aEspaña :
_bPaidós,
_c[2009]
264 4 _c© 2009
300 _a222 páginas
_c; 24 cm
336 _2rdacontent
_atexto
_btxt
337 _2rdamedia
_asin mediación
_bn
338 _2rdacarrier
_avolumen
_bnc
490 _aPaidós Estado y Sociedad.
504 _aIncluye referencias bibliográficas (páginas 207-222)
505 _aDiario del "Dios personal" / Etty Hillesum. -- El retorno de los dioses y la crisis de la modernidad europea. -- Tolerancia y violencia: las dos caras de las religiones. -- Herejía o la invención del Dios personal". -- La astucia de la consecuencia indirecta. -- ¿Paz en vez de verdad? Futuro de las religiones en la sociedad del riesgo mundial.
563 _aRústico
650 0 _91029
_aReligiones universales
650 7 _aÉtica social.
_2
_9186
653 _aTolerancia religiosa
653 _aRelaciones interreligiosas
653 _adiálogo interreligioso
653 _areligión y sociología
942 _cBK
945 _aJTF-925